000 00561nam a2200181Ia 4500
008 090630s9999 xx 000 0 und d
082 _b1273
100 _aगांधी मो. क.
245 _aपंचायत राज्य.
_cगांधी मो. क.
260 _bनवजीवन.
_c1959
300 _a44
600 _aगांधी मो. क.
630 _aपंचायत राज्य.
655 _aइतर.
700 _aगांधी मो. क.
730 _aपंचायत राज्य.
942 _cBOOK
999 _c253129
_d253129